| 000 | 006230000a22001810004500 | ||
|---|---|---|---|
| 003 | MACL | ||
| 005 | 20160421162912.0 | ||
| 008 | 160421b xxu||||| |||| 00| 0 eng d | ||
| 040 |
_aMACL _cMACL |
||
| 041 | _aHindi | ||
| 082 | _a780 | ||
| 100 |
_aडॉ वसुधा कुलकर्णी _953254 |
||
| 245 | _aमहाराजा मानसिंह की भारतीय संगीत को देन | ||
| 260 |
_bमहाराजा मानसिंह पुस्तक प्रकाश _c1999 _aजोधपुर |
||
| 350 | _a200 | ||
| 650 |
_aMusic _953255 |
||
| 942 |
_cHIN _k780 _2ddc |
||
| 999 |
_c18288 _d18288 |
||